Normal view
MARC view
- Supervisor. Sarfraz Ahmed
Entry Personal Name
001 - CONTROL NUMBER
- control field: 126619
003 - CONTROL NUMBER IDENTIFIER
- control field: NUST
005 - DATE AND TIME OF LATEST TRANSACTION
- control field: 20241030114529.0
008 - FIXED-LENGTH DATA ELEMENTS
- fixed length control field: 241030|| aca||aabn | a|a d
040 ## - CATALOGING SOURCE
- Original cataloging agency: NUST
- Transcribing agency: NUST
100 ## - HEADING--PERSONAL NAME
- Personal name: Supervisor. Sarfraz Ahmed
670 ## - SOURCE DATA FOUND
- Source citation: Work cat.: (NUST)229785: Muhammad Zubair Khan, Risks identification in construction of building projects in Pakistan from owners and contractors' perspective/, c2014
